Movies Quiz

Random Movies Quiz

Tim Burton Movies (Directed & Produced) Quiz Stats

 Plays Quiz not verified by Sporcle

Challenge
Share
Tweet
Embed
Score 0/24 Timer 10:00
0 Plays Today
Year Movie Title % Correct
1989Batman
90.5%
1992Batman Returns
82.2%
1993The Nightmare Before Christmas
80.5%
1988Beetlejuice
79.9%
1990Edward Scissorhands
79.9%
2005Charlie and the Chocolate Factory
76.9%
2010Alice in Wonderland
74.6%
1994Ed Wood
74%
2007Sweeney Todd: The Demon Barber of Fleet Street
71.6%
2005Corpse Bride
70.4%
1996Mars Attacks!
69.2%
1999Sleepy Hollow
68%
Year Movie Title % Correct
2001Planet of the Apes
67.5%
2003Big Fish
67.5%
1996James and the Giant Peach
58.6%
1995Batman Forever
58%
1984Frankenweenie
56.2%
1985Pee-wee's Big Adventure
56.2%
2011Dark Shadows
41.4%
1982Vincent
37.3%
2014The Addams Family
28.4%
20099
20.1%
2013Maleficent
20.1%
1994Cabin Boy
19.5%

You're not logged in!

Compare scores with friends on all Sporcle quizzes.
Join for Free
OR
Log In

You Might Also Like...

Show Comments

Extras

Created Sep 22, 2010SourceReportNominate
Tags:Tim Burton

Top Quizzes Today


Score Distribution

Your Account Isn't Verified!

In order to create a playlist on Sporcle, you need to verify the email address you used during registration. Go to your Sporcle Settings to finish the process.

Report this User

Report this user for behavior that violates our Community Guidelines.

Details: